00758cam a22002172 4500001001100000005001700011008004100028020001500069040001500084100003900099245014000138250001300278260003600291300001700327650005100344650004400395650003400439700003300473700003100506852000300537000002483820151217154513.0140319s xx 000 0 eng d a0070632375 aKABUcKABU1 aTchobanoglous, George.@000018300810aIntegrated solid waste management :bengineering principles and management issues /cGeorge Tchobanoglous, Hilary Theise, Samuel Vigil. a2nd ed. aNew York :bMcGraw-Hill,c1993. axxi, 978 p. 0aIntegrated solid waste management.@0000183553 0aRefuse and refuse disposal.@0000170314 0aHazardous wastes.@00001851061 aTheisen, Hilary.@00001851071 aVigil, Samuel.@00001851081